Çanakkale (Record no. 4162)

MARC details
000 -BAŞLIK
Sabit Uzunlukta Kontrol Alanı 00729na a2200241 4500
001 - KONTROL NUMARASI
Denetim Alanı 16687
003 - KONTROL NUMARASI IDENTIFIER
Denetim Alanı MIRAKIL
005 - SON İŞLEM TARİHİ VE ZAMANI
Denetim Alanı 20181213154955.0
008 - SABİT-BOY VERİ ELEMANLARI - GENEL BİLGİLER
Sabit Uzunlukta Kontrol Alanı 161009b tu 000 0
020 ## - ULUSLARARASI STANDART KİTAP NUMARASI
Uluslararası Standart Kitap Numarası 9789758646401
040 ## - KATALOGLAMA KAYNAK
Orijinal Kataloglama Ajansı Milas
Kataloglama Dili tur
Metne Dönüştürmek Ajansı TR-AnCHP
041 ## - DİL KODU
Metin / Ses Parça Veya Ayrı Başlığın Dil Kodu tur
082 ## - DEWEY ONLU SINIFLANDIRMA NUMARASI
Sınıflandırma Numarası 956.101543
Ürün Numarası E62ç 2011
090 ## - SINIFLAMA NUMARASI
Sınıflama Numarası 956.101543 E62ç 2011
100 ## - ANA GİRİŞ - KİŞİSEL İSİM
Kişisel Ad Erdemir, Lokman
245 ## - BAŞLIK TABLOSU
Başlık Çanakkale
Başlığın Kalan bir milletin varoluş destanı
-- (cephe ve cephe gerisi)
Sorumluluk Tablosu, Vb Lokman Erdemir
260 ## - YAYIN, DAĞITIM, VB
Yayın, Dağıtım, Vb Yeri İstanbul
Yayıncı, Dağıtıcı, Vs Adı Çamlıca Yayınları
Yayın, Dağıtım, Vb Tarihi 2011
300 ## - FİZİKSEL TANIM
Kapsam 291 s.
Diğer Fiziksel Ayrıntıları fotg. ; hrt. ; tbl.
Boyutlar 27 sm.
440 ## - SERİSİ TABLOSU / KATMA GİRİŞİ - BAŞLIK
Başlık Çamlıca Yayınları
Hacim / Ardışık Tanımı 39
504 ## - KAYNAKÇA VB NOT
Kaynakça Vb Notu Kaynakça ve dizin var.
650 ## - KONU KATMA GİRİŞ - TOPİKAL DÖNEM
Topikal Süreli Veya Coğrafi Ad Giriş Elemanı Çanakkale Savaşları
Genel Alt Bölümü Tarih
942 ## - EKLENDİ GİRİŞ ELEMANLARI (KOHA)
Sınıflandırma Veya Raf Düzeni Kaynak Dewey Decimal Classification
Koha Öğesi Türü Books
999 ## - SİSTEM KONTROL NUMARALARI (KOHA)
Koha Biblionumber 4162
Koha Biblioitemnumber 4162
Holdings
Kalıcı Konum Mevcut Konum Edinme Tarihi Edinim Kaynak Toplam Check-Out'Lar Tam Çağrı Numarası Barkod Tarih Son Görülme İtibaren Geçerli Fiyatlar Koha Öğesi Türü
CHP Kütüphanesi CHP Kütüphanesi 10/09/2016 Bağış   956.101543 E62ç 2011 006680 10/09/2016 10/09/2016 Books